| 000 | 00718cam a22002055a 4500 | ||
|---|---|---|---|
| 001 | L155978 | ||
| 008 | 120424s1871 xxk f 000 0 eng d | ||
| 035 | _a(Sirsi) u155978 | ||
| 041 | 0 | _aeng | |
| 100 | 1 |
_aRouse, Rolla _d1805-1887 |
|
| 245 | 0 | 0 |
_aRouse's Practical man _bincluding copyhold practice and forms ; and full instructions for use of logarithms, with a four figure table |
| 250 | _a13th ed. | ||
| 260 |
_aLondon _bW. Maxwell and Son ... [and 4 other publishers in 3 other places] _c1871 |
||
| 300 |
_a2 v. _c11 x 15 cm. |
||
| 583 |
_aCondition reviewed _c20120620 _lcondition level 1 |
||
| 651 | 4 |
_aGreat Britain _y1707- |
|
| 690 |
_aLand use _96251 |
||
| 690 |
_aLandlord and tenant _96252 |
||
| 942 | _n0 | ||
| 999 |
_c113957 _d113957 |
||